Obchodovanie s elektrickou energiou a možné dopady zavedenia inteligentných sietí (Smart Grids) diplomová práca

Salvato in:
Dettagli Bibliografici
Autore principale: Baňasová, Jana
Ente Autore: Podnikovohospodárska fakulta EU so sídlom v Košiciach. Katedra marketingu a obchodu
Altri autori: Naščáková, Jana
Natura: Libro
Lingua:slovacco
Pubblicazione: Košice 2014
Tags: Aggiungi Tag
Nessun Tag, puoi essere il primo ad aggiungerne!!

MARC

LEADER 00000nbm a2200000 4500
001 0187019
005 20170201084658.6
041 0 |a slo 
044 |a SK 
245 1 0 |a Obchodovanie s elektrickou energiou a možné dopady zavedenia inteligentných sietí (Smart Grids)  |b diplomová práca  |c Jana Baňasová ; školiteľ: Jana Naščáková 
264 1 |a Košice  |c 2014 
300 |a 75 s. 
100 1 |a Baňasová, Jana 
700 1 |a Naščáková, Jana 
710 2 |a Podnikovohospodárska fakulta EU so sídlom v Košiciach. Katedra marketingu a obchodu